| 000 | 00408nam a22001697a 4500 | ||
|---|---|---|---|
| 999 |
_c12475 _d12475 |
||
| 008 | 240228b 2024 ||||| |||| 00| 0 eng d | ||
| 020 | _a9783031410253 | ||
| 100 | _aAxler, Sheldon | ||
| 245 | _aLinear algebra done right | ||
| 250 | _a4th ed. | ||
| 260 |
_aUSA _bSpringer _c2024 |
||
| 300 | _axvii, 390p. | ||
| 650 | _aVector Spaces | ||
| 650 | _aLinear Maps | ||
| 650 | _aPolynomials | ||
| 942 | _cBK | ||